Παίξε "Κρεμάλα" με Π.Ε. της Ελλάδας - Statistics

General Stats
  • This quiz has been taken 16 times
  • The average score is 4 of 8
Answer Stats
Γράμματα % Correct
Α
100%
Σ
100%
Α
100%
Σ
100%
Α
100%
Τ
100%
Α
100%
Α
100%
Κ
100%
Α
100%
Λ
100%
Υ
100%
Μ
100%
Ν
100%
Ο
100%
Υ
100%
Α
100%
Ρ
100%
Κ
100%
Α
100%
Δ
100%
Ι
100%
Α
100%
Σ
100%
Α
100%
Ν
100%
Α
100%
Ι
100%
Τ
100%
Ι
100%
Α
100%
Σ
100%
Ε
67%
Σ
67%
Π
50%
Ε
50%
Ι
50%
Ρ
50%
Ι
50%
Π
50%
Κ
33%
Ρ
33%
Κ
33%
Υ
33%
Ρ
33%
Ω
0%
Λ
0%
Ε
0%
Υ
0%
Κ
0%
Α
0%
Δ
0%
Α
0%
Σ
0%
Γ
0%
Ρ
0%
Ε
0%
Β
0%
Ε
0%
Ν
0%
Ω
0%
Ν
0%
Φ
0%
Λ
0%
Ω
0%
Ρ
0%
Ι
0%
Ν
0%
Α
0%
Σ
0%
Ρ
0%
Ε
0%
Β
0%
Ε
0%
Ζ
0%
Σ
0%
Π
0%
Ο
0%
Ρ
0%
Δ
0%
Ω
0%
Ν
0%
Ρ
0%
Ι
0%
Κ
0%
Λ
0%
Ω
0%
Ν
0%
Ζ
0%
Α
0%
Κ
0%
Υ
0%
Ν
0%
Θ
0%
Ο
0%
Υ
0%
Λ
0%
Α
0%
Σ
0%
Ι
0%
Θ
0%
Ι
0%
Ο
0%
Υ
0%
Ρ
0%
Ε
0%
Θ
0%
Υ
0%
Μ
0%
Ν
0%
Η
0%
Σ
0%
Λ
0%
Κ
0%
Ω
0%
Ι
0%
Σ
0%
Β
0%
Ο
0%
Ω
0%
No matching quizzes found
Score Distribution
Percent of People with Each Score
Percentile by Number Answered
Your Score History
You have not taken this quiz